Movies Quiz

Random Movies or Actor Quiz

Famous Actors Odd Movie Out Quiz Stats

 Plays Quiz Updated Nov 1, 2015

Challenge
Share
Tweet
Embed
Score 0/20 Timer 08:00
2 Plays Today
Question Answer % Correct
Which comedy isn't headlined by Adam Sandler?
a) Joe Dirt b) The Waterboy c) Little Nicky d) Mr. Deeds
???
93.2%
Which Scorsese film has no Robert De Niro presence at all?
a) Cape Fear b) The Age of Innocence c) Goodfellas d) Casino
???
81.9%
Which Sergio Leone film doesn't star Clint Eastwood?
a) A Fistful of Dollars b) For a Few Dollars More c) The Good the Bad and the Ugly d) Once Upon a Time in The West
???
78.3%
Which Batman movie doesn't have Christian Bale under the bat cape?
a) Batman Begins b) Batman Returns c) The Dark Knight d) The Dark Knight Rises
???
78.2%
Which early '80s movie doesn't feature Tom Cruise?
a) Taps b) The Outsiders c) All the Right Moves d) WarGames
???
76.5%
Which Coen Brothers film doesn't include George Clooney in its cast?
a) O Brother Where Art Thou? b) Intolerable Cruelty c) The Ladykillers d) Burn After Reading
???
70.3%
Which '80s actioner isn't led by Sylvester Stallone?
a) First Blood b) Cobra c) Over the Top d) Red Sonja
???
67.1%
Which Thomas Harris adaptation doesn't fill the role of Hannibal Lecter with Anthony Hopkins?
a) Manhunter b) Silence of the Lambs c) Hannibal d) Red Dragon
???
63.3%
Which Woody Allen film does not feature Woody himself?
a) Match Point b) Manhattan c) Crimes and Misdemeanors d) Scoop
???
62.7%
Which musical doesn't feature Gene Kelly?
a) On the Town b) An American in Paris c) Brigadoon d) Oklahoma!
???
59%
Question Answer % Correct
Which movie doesn't star James Dean?
a) The Wild One b) East of Eden c) Rebel without a Cause d) Giant
???
55.5%
Which movie does not feature Roger Moore as James Bond?
a) For Your Eyes Only b) The Living Daylights c) A View to a Kill d) Live and Let Die
???
51.4%
Which classic Western doesn't star John Wayne?
a) Stagecoach b) Red River c) High Noon d) The Searchers
???
46.5%
Which Hitchcock film does not star Jimmy Stewart?
a) Rear Window b) Rope c) Vertigo d) Suspicion
???
43.3%
Which 1960s British film doesn't have a young Michael Caine?
a) The Ipcress File b) Alfie c) Darling d) The Italian Job
???
43.1%
Which 1930s Best Picture winner doesn't star Clark Gable?
a) It Happened One Night b) Mutiny on the Bounty c) You Can't Take It With You d) Gone with the Wind
???
42.3%
Which 2004 release did not feature Jude Law?
a) Closer b) The Aviator c) I Heart Huckabees d) Finding Neverland
???
42.1%
Which one-word movie doesn't have Djimon Hounsou?
a) Gladiator b) Constantine c) Wanted d) Amistad
???
40.2%
Which classic horror doesn't star Boris Karloff?
a) Dracula b) Frankenstein c) The Mummy d) The Black Cat
???
38.9%
Which Tarantino flick doesn't feature Samuel L. Jackson in any way/shape/form?
a) Inglourious Basterds b) Kill Bill: Vol. 2 c) Reservoir Dogs d) Jackie Brown
???
37.9%

You're not logged in!

Compare scores with friends on all Sporcle quizzes.
Join for Free
OR
Log In

You Might Also Like...

Show Comments

Extras

Top Quizzes Today


Score Distribution

Your Account Isn't Verified!

In order to create a playlist on Sporcle, you need to verify the email address you used during registration. Go to your Sporcle Settings to finish the process.

Report this User

Report this user for behavior that violates our Community Guidelines.

Details: